| 000 | 01192cam a22003377a 4500 | ||
|---|---|---|---|
| 003 | CHAP | ||
| 005 | 20220329133945.0 | ||
| 008 | 971013s1978 r 00010 d | ||
| 010 | _a13220 | ||
| 011 | _a14192 | ||
| 035 | _a18265 | ||
| 040 | _cCHAP | ||
| 090 | _aTesis | ||
| 100 | 0 | 0 |
_aGómez Gaitán, Martín Alfonso. _949699 |
| 245 | 1 | 3 | _aEl médico veterinario zootecnista como educador factor de cambio socio económico en el medio rural; desarrollo del método educativo |
| 260 |
_aMéxico, D.F. : _bEl autor, _c1978 |
||
| 300 | _a74 h. | ||
| 502 | _aTesis (Médico Veterinario Zootecnista) -- UNAM. Fac. de Medicina Veterinaria y Zootecnia | ||
| 590 |
_aALEPH _b10 _c20130110 _lUCH01 _h1232 |
||
| 590 |
_aBATCH-UPD _b10 _c20130110 _lUCH01 _h0028 |
||
| 590 |
_aBATCH-UPD _b10 _c20130110 _lUCH01 _h1741 |
||
| 590 |
_aBATCH-UPD _b10 _c20130409 _lUCH01 _h2010 |
||
| 590 |
_aBATCH-UPD _b10 _c20130914 _lUCH01 _h1145 |
||
| 590 |
_aCONVERSION _b10 _c20130109 _lUCH01 _h1309 |
||
| 650 | 1 | 4 |
_aDesarrollo de la comunidad rural. _931995 |
| 650 | 1 | 4 |
_aServicio social rural. _9105320 |
| 650 | 1 | 4 |
_aVeterinarios. _9119013 |
| 901 | _aBK | ||
| 942 | _cTESIS | ||
| 949 |
_bBC _cTES _d-42656 _eTS1 _i18265 _si |
||
| 999 |
_c13220 _d13220 |
||